Pérdida de biodiversidad en agricultura: descripción, causas y alternativas /
Sábháilte in:
| Príomhchruthaitheoir: | |
|---|---|
| Formáid: | Téacs |
| Clibeanna: |
Cuir clib leis
Níl clibeanna ann, Bí ar an gcéad duine le clib a chur leis an taifead seo!
|
MARC
| LEADER | 00000 a a2200000 04500 | ||
|---|---|---|---|
| 001 | 7397 | ||
| 003 | |||
| 040 | |||
| 100 | |a Alvarez Febles, Nelson | ||
| 245 | |a Pérdida de biodiversidad en agricultura: |b descripción, causas y alternativas / |c Nelson Alvarez Febles | ||
| 773 | |g número 11; páginas 73-82 | ||
| 999 | |c 32803 |d 32803 | ||
